| 000 | 00774cam a2200289 a 4500 | ||
|---|---|---|---|
| 999 |
_c5604 _d5604 |
||
| 001 | 5604 | ||
| 003 | BD-JhCC | ||
| 005 | 20171218190336.0 | ||
| 008 | 870513s1988 cau 000 0 eng | ||
| 020 | _a0534085202 (pbk.) | ||
| 035 | _a(BD-JhCC)5604 | ||
| 040 |
_aDLC _cDLC _dDLC |
||
| 041 | _aeng | ||
| 050 | 0 | 0 |
_aLB2395.3 _b.J63 1988 |
| 082 | 0 | 0 |
_a428.4/3 _219 _bJOF 1980 |
| 100 | 1 | _aJoffe, Irwin L. | |
| 245 | 1 | 0 |
_aOpportunity for skillful reading / _cIrwin L. Joffe. |
| 250 | _a5th ed. | ||
| 260 |
_aBelmont, Calif. : _bWadsworth Pub. Co., _cc1988. |
||
| 300 |
_axiv, 464 p. ; _c24 cm. |
||
| 650 | 0 | _aReading (Higher education) | |
| 650 | 0 | _aCollege readers. | |
| 650 | 0 | _aReading comprehension. | |
| 650 | 0 | _aVocabulary. | |
| 942 |
_2ddc _cBK |
||